000 00638nam a2200217Ia 4500
005 20241129120237.0
008 241129s9999||||xx |||||||||||||| ||und||
020 _a9781512824858
037 _aTB
040 _aSDCL
_beng
_cSDCL
041 _aeng
_2eng
084 _aY5927.2'P, R4
_qSDCL
100 _aHota Pinky
_9725483
245 0 _aViolence of recognition: Adivasi indigeneity and anti-daliness in India
260 _aPhiladelphia
_bUniversity of Pennsylvania Press
_c2024
300 _a230p.
365 _aUSD
_b32.5
650 _aPolitical Science
942 _cTB
_hY5927.2'P, R4
999 _c1233979
_d1233979